00942cam a2200205 a 450000100100000000500170001000800410002704000300006808200190009810000270011724500510014426000330019530000200022849000570024850502910030565000240059665000280062065000270064883000610067500000841720200929161335.0031031s2003 gt 000 1 spa  aDO-SdBNPbspacDLCdBNPHU aG863.44bR828u1 aRossell, Robin,d1957-13aLa útima tarde del milenio /cRobin Rossell. aGuatemala :bCultura,c2003. a99 p. ;c21 cm.1 aNarrativa guatemaltecaaSerie Augusto Monterrosov300 aComo Aquella vez en Betesda - La vieja Señal - La última tarde del Milenio - Él viene del cielo - El regalo de los insectos - La ecuación perdida -Ven pájaro verde - Nuestra sonbbra en el jardín - La biblioteca del mal - EL rostro de la madera -El hombre de las dos sombras. 4aNovela guatemalteca 4aLiteratura guatemalteca 4aNarrativa guatemalteca 0aNarrativa guatemalteca ,pSerie Augusto Monterroso ;v30